| 000 | 00404nam a22001457a 4500 | ||
|---|---|---|---|
| 022 | _a9789871123414 | ||
| 080 | _a34 (09) C 751 | ||
| 245 | _aCuadernos de Historia | ||
| 260 |
_aCórdoba _bAcademia de Derecho y Ciencias Sociales de Córdoba _c2007 |
||
| 300 |
_a312 P. _c23 X 16 Cm. |
||
| 310 | _aanual | ||
| 650 |
_2IEDCYT _xhistoria del derecho _xdel derecho |
||
| 942 | _2cdu | ||
| 945 |
_acd _d2016-05-20 |
||
| 999 |
_c4306 _d234810 |
||